| 000 | 00376nam a2200157Ia 4500 | ||
|---|---|---|---|
| 008 | 221030s9999 xx 000 0 und d | ||
| 020 | _a0074515756 | ||
| 041 | _aEnglish | ||
| 082 |
_a105.23 _bDes |
||
| 100 | _aM. V. Deshpande | ||
| 245 | 0 |
_aElectrical Power System Design _cby M. V. Deshpande |
|
| 260 |
_bTMH _aNew Delhi _c0 |
||
| 300 | _a362 | ||
| 650 | _aEE | ||
| 942 | _cBK | ||
| 999 |
_c3902 _d3902 |
||